000 00490pam a2200181 a 4500
020 _a978032304101
_c6734.80
041 _aeng
_hNULL
082 _a618.1407545
_bBRA/FAL
100 _aBRADLEY L.D.,.
245 _aHYSTEROSCOPY : OFFICE EVALUATION AND (WITH CD) /
_cNULL.
_hTextual Documents
260 _aNULL :
_bMOSBY ,
_c2009.
300 _a276 : :
_bXI ; ;
_cA4 . .+
_eHB.
365 _a6734.80
700 _a .
930 _a2579
999 _c797114
_d797114
650 _aOBST.GYNE